MARC details
| 000 -CABECERA |
| campo de control de longitud fija |
01570nam a2200337 i 4500 |
| 001 - NÚMERO DE CONTROL |
| campo de control |
000017847 |
| 003 - IDENTIFICADOR DEL NÚMERO DE CONTROL |
| campo de control |
DO-SdBNP |
| 005 - FECHA Y HORA DE LA ÚLTIMA TRANSACCIÓN |
| campo de control |
20250717074016.0 |
| 007 - CAMPO FIJO DE DESCRIPCIÓN FÍSICA--INFORMACIÓN GENERAL |
| campo de control de longitud fija |
ta |
| 008 - DATOS DE LONGITUD FIJA--INFORMACIÓN GENERAL |
| campo de control de longitud fija |
100406s1986 dr 001 0bspa d |
| 040 ## - FUENTE DE LA CATALOGACIÓN |
| Centro catalogador/agencia de origen |
DO-SdBNP |
| Lengua de catalogación |
spa |
| Centro/agencia transcriptor |
BNPHU |
| Normas de descripción |
rda |
| 041 ## - CÓDIGO DE LENGUA |
| Código de lengua original |
spa |
| 082 #4 - NÚMERO DE LA CLASIFICACIÓN DECIMAL DEWEY |
| Número de clasificación |
923.57293 |
| Número de documento/Ítem |
G277v |
| Número de edición |
22 |
| 100 1# - ENTRADA PRINCIPAL--NOMBRE DE PERSONA |
| Nombre de persona |
Gautreau, Julio, |
| Fechas asociadas al nombre |
1904- |
| Término indicativo de función/relación |
autor |
| Código de función/relación |
aut. |
| 9 (RLIN) |
38749 |
| 245 10 - MENCIÓN DE TÍTULO |
| Título |
Vicentico : |
| Resto del título |
héroe y mártir dos veces / |
| Mención de responsabilidad, etc. |
Julio Gautreau. |
| 264 #4 - PRODUCCIÓN, PUBLICACIÓN, DISTRIBUCIÓN, FABRICACIÓN Y COPYRIGHT |
| Producción, publicación, distribución, fabricación y copyright |
Santo Domingo : |
| Nombre del de productor, editor, distribuidor, fabricante |
Biblioteca Nacional Pedro Henríquez Ureña (BNPHU), |
| Fecha de producción, publicación, distribución, fabricación o copyright |
©1986. |
| 300 ## - DESCRIPCIÓN FÍSICA |
| Extensión |
75 páginas ; |
| Dimensiones |
22 cm. |
| 336 ## - TIPO DE CONTENIDO |
| Término de tipo de contenido |
texto |
| Código de tipo de contenido |
txt |
| Fuente |
rdacontent |
| 337 ## - TIPO DE MEDIO |
| Nombre/término del tipo de medio |
sin mediación |
| Código del tipo de medio |
n |
| Fuente |
rdamedia |
| 338 ## - TIPO DE SOPORTE |
| Nombre/término del tipo de soporte |
volumen |
| Código del tipo de soporte |
nc |
| Fuente |
rdacarrier |
| 490 0# - MENCIÓN DE SERIE |
| Mención de serie |
Colección Orfeo |
| 500 ## - NOTA GENERAL |
| Nota general |
Incluye datos biográficos del autor en la contracubierta. |
| 505 0# - NOTA DE CONTENIDO CON FORMATO |
| Nota de contenido con formato |
Presentación-- |
| Título |
Un parrafito de Don París Goico -- |
| -- |
Juramento -- |
| -- |
Propósito de lucha -- |
| -- |
Invasión norteamericana de 1916 -- |
| -- |
Tropelías -- |
| -- |
La muerte de Fidel Ferrer -- |
| -- |
Gregorio Urbano Gilbert: un predestinado -- |
| -- |
La guerra patriótica de Vicente Evangelista -- |
| -- |
Vicentico no fue gavillero -- |
| -- |
Escaramuzas -- |
| -- |
Abandonen la guerra -- |
| -- |
Epílogo. |
| 590 ## - NOTA LOCAL (RLIN) |
| Nota local |
Inventariado, 2020/VM |
| 600 14 - PUNTO DE ACCESO ADICIONAL DE MATERIA--NOMBRE DE PERSONA |
| Nombre de persona |
Evangelista, Vicente |
| 9 (RLIN) |
38750 |
| 651 #7 - PUNTO DE ACCESO ADICIONAL DE MATERIA--NOMBRE GEOGRÁFICO |
| Nombre geográfico |
República Dominicana -- |
| Subdivisión general |
Historia -- |
| Subdivisión cronológica |
Ocupación norteamericana, 1916-1924 |
| 9 (RLIN) |
1926 |
| Fuente del encabezamiento o término |
LEMB |
| 651 #7 - PUNTO DE ACCESO ADICIONAL DE MATERIA--NOMBRE GEOGRÁFICO |
| Nombre geográfico |
Estados Unidos |
| Subdivisión general |
Relaciones con República Dominicana |
| 9 (RLIN) |
1927 |
| Fuente del encabezamiento o término |
LEMB |
| 710 2# - PUNTO DE ACCESO ADICIONAL--NOMBRE DE ENTIDAD CORPORATIVA |
| Nombre de entidad corporativa o nombre de jurisdicción como elemento de entrada |
Biblioteca Nacional Pedro Henríquez Ureña |
| 9 (RLIN) |
81292 |
| 910 ## - DATOS DE OPCIÓN DEL USUARIO (OCLC) |
| Datos de opción del usuario |
Validado. Control de calidad EMS |
| 942 ## - ELEMENTOS DE PUNTO DE ACCESO ADICIONAL (KOHA) |
| Fuente del sistema de clasificación o colocación |
Dewey Decimal Classification |
| Tipo de ítem Koha |
Libro |